00407nam a2200109Ia 4500008004100000100003100041245006600072260006900138300001100207650001100218856006800229160712s9999 xx 000 0 und d aDaoana, Carlomar Arcangel. cCarlomar Arcangel DaoanaaThe English Channel and Other Poems c2014bLikhaan: The Journal of Contemporary Philippine Literature avol. 8 xPOETRY uhttp://journals.upd.edu.ph/index.php/lik/issue/view/538/showToc